000 00351nam a2200145Ia 4500
008 260407s2023 xx 000 0 und d
041 _aeng
082 _a954.79/SHI
_b12290
100 _aDR.V.N.SHINDE
245 _aEKAKANCHE ETAR MANAKARI
260 _aKOLHAPUR
_bAKASHAR DALAN
_c2023
300 _a266p
650 _aGENERAL
650 _aGENERAL
999 _c1219782
_d1219782